[Event "BL 9192 Dortmund-Porz"]
[Site "?"]
[Date "1991.??.??"]
[Round "?.5"]
[White "Hickl, J."]
[Black "Keitlinghaus, L."]
[Result "1/2-1/2"]
[WhiteElo "2480"]
[BlackElo "2445"]
[PlyCount "67"]
[EventDate "1991.??.??"]

1. g3 e5 2. Bg2 d5 3. d3 Nf6 4. Nf3 Nc6 5. O-O Be7 6. c4 dxc4 7. Qa4 cxd3 8.
Nxe5 dxe2 9. Re1 O-O 10. Nxc6 bxc6 11. Nc3 Bd7 12. Bxc6 Bb4 13. Bxd7 Bxc3 14.
bxc3 Nxd7 15. Rxe2 Nc5 16. Qc2 Ne6 17. Be3 Qd5 18. Rd2 Qc6 19. Rad1 a6 20. Rd5
Rad8 21. Rxd8 Rxd8 22. Rxd8+ Nxd8 23. Qb3 Qa8 24. Qd1 Ne6 25. Qd7 h5 26. h4 g6
27. Bg5 Nxg5 28. hxg5 Qb8 29. a4 Qb6 30. Qd5 Kf8 31. Qd8+ Kg7 32. Qd5 Kf8 33.
Qd8+ Kg7 34. Qd5 1/2-1/2

[Event "BL 9192 Dortmund-Porz"]
[Site "?"]
[Date "1991.??.??"]
[Round "?.6"]
[White "Thesing, M."]
[Black "Knaak, R."]
[Result "1/2-1/2"]
[WhiteElo "2405"]
[BlackElo "2535"]
[PlyCount "81"]
[EventDate "1991.??.??"]

1. e4 e6 2. d4 d5 3. exd5 exd5 4. Nf3 Bd6 5. Bd3 Bg4 6. O-O Ne7 7. h3 Bh5 8. c4
dxc4 9. Bxc4 O-O 10. g4 Bg6 11. Ne5 c5 12. Nxg6 Nxg6 13. dxc5 Bxc5 14. Qxd8
Rxd8 15. Bg5 Rd7 16. Nc3 h6 17. Be3 Bxe3 18. fxe3 Ne5 19. Bd5 Nbc6 20. Rad1 Nb4
21. Be4 Rad8 22. Rxd7 Rxd7 23. a3 Nbd3 24. Bf5 Rd8 25. Rd1 Kf8 26. Kf1 Ke8 27.
Rd2 Nc5 28. Rxd8+ Kxd8 29. Ke2 g6 30. Bb1 b6 31. b4 Ne6 32. Be4 Nc7 33. Bc2 Ke7
34. Bb3 Kd6 35. e4 f6 36. Ke3 g5 37. Ne2 Ng6 38. Bf7 Ne5 39. Bb3 Ng6 40. Bf7
Ne5 41. Bb3 1/2-1/2

[Event "BL 9192 Dortmund-Porz"]
[Site "?"]
[Date "1991.??.??"]
[Round "?.7"]
[White "Vogt, L."]
[Black "Luecke, N."]
[Result "1-0"]
[WhiteElo "2510"]
[BlackElo "2390"]
[PlyCount "65"]
[EventDate "1991.??.??"]

1. e4 c5 2. Nc3 Nc6 3. Nge2 e5 4. Nd5 Nge7 5. Nec3 d6 6. Bc4 Nxd5 7. Nxd5 Be7
8. O-O O-O 9. f4 exf4 10. Nxf4 Bg5 11. d3 Rb8 12. c3 b5 13. Bd5 Ne5 14. h3 Bb7
15. Ne6 fxe6 16. Bxe6+ Kh8 17. Rxf8+ Qxf8 18. Bxg5 c4 19. d4 Nf7 20. Be3 Bxe4
21. d5 Nd8 22. Bxa7 Nxe6 23. dxe6 Re8 24. Qh5 Qe7 25. Bd4 Qxe6 26. Qxb5 Qg6 27.
g4 Rf8 28. Qxc4 h5 29. Qe2 Rf3 30. Qh2 h4 31. Bf2 Bc6 32. Re1 Qf7 33. Bxh4 {ZÜ}
1-0

[Event "BL 9192 Dortmund-Porz"]
[Site "?"]
[Date "1991.??.??"]
[Round "?.8"]
[White "Stein, B."]
[Black "Uhlmann, W."]
[Result "1/2-1/2"]
[WhiteElo "2355"]
[BlackElo "2500"]
[PlyCount "164"]
[EventDate "1991.??.??"]

1. b3 Nf6 2. Bb2 g6 3. e4 d6 4. g3 Bg7 5. Bg2 O-O 6. Ne2 e5 7. O-O Nc6 8. d4
exd4 9. Nxd4 Nxd4 10. Bxd4 Re8 11. Re1 Bd7 12. c4 Bc6 13. Nc3 a5 14. Qd2 Nd7
15. Bxg7 Kxg7 16. Nd5 Bxd5 17. Qxd5 Re5 18. Qd4 Qf6 19. f4 Re7 20. Qxf6+ Kxf6
21. e5+ dxe5 22. Bxb7 Rb8 23. Bd5 exf4 24. gxf4 Rxe1+ 25. Rxe1 Nc5 26. Re3 a4
27. bxa4 Rb1+ 28. Kg2 Rb2+ 29. Kg3 Rxa2 30. Re8 Rxa4 31. Rc8 Ra3+ 32. Kg2 Nd3
33. Rxc7 Nxf4+ 34. Kf2 Ra2+ 35. Kg3 Nxd5 36. cxd5 Rd2 37. Rd7 g5 38. Rd6+ Ke5
39. Rh6 f5 40. Rxh7 Rd3+ 41. Kg2 Kf4 42. Ra7 Rd2+ 43. Kg1 Rxd5 44. Ra3 Rd1+ 45.
Kg2 Rd2+ 46. Kg1 Re2 47. Rb3 Kg4 48. Rg3+ Kh4 49. Ra3 f4 50. Ra8 Kg4 51. Ra3
Re3 52. Ra5 Rd3 53. Kf2 Rd2+ 54. Kg1 Re2 55. Ra3 Re3 56. Ra5 Kf3 57. Ra1 Rd3
58. Re1 Rd2 59. Ra1 Ke2 60. Kg2 g4 61. Rb1 Rd1 62. Rb2+ Ke1 63. Rb8 Rd2+ 64.
Kg1 f3 65. Rb1+ Ke2 66. Ra1 Ke3 67. Ra3+ Rd3 68. Ra1 Kf4 69. Ra4+ Kg5 70. Ra5+
Kh4 71. Ra8 Rd1+ 72. Kf2 Rd2+ 73. Kg1 Rd5 74. Rh8+ Kg5 75. Rf8 Rf5 76. Ra8 Rd5
77. Rf8 Rd1+ 78. Kf2 Rh1 79. Rg8+ Kf4 80. Rf8+ Ke5 81. Re8+ Kf6 82. Rh8 Rb1
1/2-1/2

[Event "BL 9192 Solingen-Koblenz"]
[Site "?"]
[Date "1991.??.??"]
[Round "?.2"]
[White "Chandler, M."]
[Black "Rozentalis, E."]
[Result "0-1"]
[WhiteElo "2605"]
[BlackElo "2575"]
[PlyCount "118"]
[EventDate "1991.??.??"]

1. e4 e6 2. d4 d5 3. Nc3 Nc6 4. Nf3 Nf6 5. e5 Ne4 6. Bd3 Bb4 7. Bd2 Nxd2 8.
Qxd2 f6 9. a3 Be7 10. h4 fxe5 11. dxe5 O-O 12. Qe2 Qe8 13. O-O-O Qh5 14. Rde1
Bd7 15. Rh3 Rf4 16. Kb1 Raf8 17. Nd1 Kh8 18. c3 a6 19. Ka2 b5 20. Bc2 a5 21.
Ng5 Qxe2 22. Rxe2 h6 23. g3 Rc4 24. f4 b4 25. Nf3 bxc3 26. bxc3 Rb8 27. Rhh2
Na7 28. Bd3 Ra4 29. Rb2 Rxa3+ 30. Kb1 Rab3 31. Rxb3 Rxb3+ 32. Rb2 Rxb2+ 33.
Kxb2 Nc8 34. Nd4 c5 35. Bb5 Bxb5 36. Nxb5 Kg8 37. Ne3 Nb6 38. h5 Kf7 39. Nc7
Bd8 40. Na6 Nd7 41. Kb3 c4+ 42. Ka4 Bb6 43. Nf1 g6 44. hxg6+ Kxg6 45. g4 h5 46.
gxh5+ Kxh5 47. f5 exf5 48. Kb5 Bd8 49. Kc6 Nxe5+ 50. Kxd5 Bf6 51. Nc5 f4 52.
Nd2 Kg4 53. Ke4 f3 54. Nf1 Kh3 55. Kf5 Bg7 56. Ne6 a4 57. Nxg7 a3 58. Ne6 a2
59. Kg5 Nd3 0-1

[Event "BL 9192 Solingen-Koblenz"]
[Site "?"]
[Date "1991.??.??"]
[Round "?.3"]
[White "Seul, G."]
[Black "Lau, R."]
[Result "0-1"]
[WhiteElo "2390"]
[BlackElo "2500"]
[PlyCount "68"]
[EventDate "1991.??.??"]

1. Nf3 Nf6 2. g3 g6 3. b3 Bg7 4. Bb2 d6 5. Bg2 e5 6. c4 c5 7. O-O Nc6 8. Nc3
O-O 9. d3 h6 10. Nd2 Be6 11. Nd5 Bxd5 12. cxd5 Nb4 13. a3 Nbxd5 14. b4 cxb4 15.
Qb3 Nc3 16. Rfe1 Qd7 17. a4 a5 18. Nc4 Nxa4 19. Rxa4 b5 20. Bxa8 bxa4 21. Qa2
Rxa8 22. Nb6 Qh3 23. f3 Rb8 24. Nxa4 h5 25. Bc1 Qe6 26. Qb1 d5 27. Bg5 e4 28.
fxe4 dxe4 29. Rf1 exd3 30. Qxd3 Ne4 31. Bf4 Re8 32. Qb5 Nc3 33. Nxc3 bxc3 34.
e3 Ra8 0-1

[Event "BL 9192 Solingen-Koblenz"]
[Site "?"]
[Date "1991.??.??"]
[Round "?.4"]
[White "Mohr, S."]
[Black "Brueckner, T."]
[Result "1-0"]
[WhiteElo "2465"]
[BlackElo "2405"]
[PlyCount "122"]
[EventDate "1991.??.??"]

1. d4 Nf6 2. c4 d6 3. Nc3 c6 4. e4 e5 5. Nf3 Qa5 6. Bd3 Bg4 7. d5 Be7 8. O-O
O-O 9. Be2 Nbd7 10. Be3 cxd5 11. cxd5 Qb4 12. a3 Qa5 13. Nd2 Bxe2 14. Qxe2 Rfc8
15. Rfc1 g6 16. b4 Qd8 17. Nc4 b6 18. Rc2 Ne8 19. Rac1 a6 20. Nd2 Rc7 21. Nb3
Bg5 22. Nd1 Rac8 23. Rxc7 Rxc7 24. Qxa6 Rxc1 25. Nxc1 Bxe3 26. Nxe3 Qh4 27. Qd3
Nef6 28. Nc4 Qxe4 29. Qxe4 Nxe4 30. Ne2 Kf8 31. f3 Nef6 32. Nc3 Ke7 33. a4 Ne8
34. Kf2 Nc7 35. Ke3 f5 36. b5 Ne8 37. Kd3 Kd8 38. Kc2 Kc7 39. Kb3 Nef6 40. Kb4
Nc5 41. a5 Nd3+ 42. Ka3 bxa5 43. Ka4 Nf4 44. b6+ Kb7 45. Kb5 N4xd5 46. Nxd6+
Kb8 47. Na4 e4 48. Nc5 Nxb6 49. Kxb6 Nd5+ 50. Kxa5 e3 51. Nd3 e2 52. Nc4 Kc7
53. Kb5 g5 54. g3 Nf6 55. Kc5 Kd7 56. Kd4 Ke6 57. Ke3 Kd5 58. Nb6+ Kc6 59. Na4
Kd5 60. Nc3+ Kc4 61. Nxe2 h5 1-0

[Event "BL 9192 Solingen-Koblenz"]
[Site "?"]
[Date "1991.??.??"]
[Round "?.5"]
[White "Wolf, V."]
[Black "Reeh, O."]
[Result "0-1"]
[WhiteElo "2320"]
[BlackElo "2445"]
[PlyCount "104"]
[EventDate "1991.??.??"]

1. e4 c5 2. d3 Nc6 3. g3 g6 4. Bg2 Bg7 5. f4 d6 6. Nf3 e6 7. O-O Nge7 8. c3 O-O
9. Na3 Rb8 10. Nc2 b5 11. a3 a5 12. Bd2 b4 13. axb4 axb4 14. Qe1 Na5 15. cxb4
Nb3 16. Rb1 Nxd2 17. Qxd2 cxb4 18. Kh1 Qb6 19. d4 b3 20. Ne3 Bb7 21. e5 Bxf3
22. Bxf3 d5 23. Rbc1 Rfc8 24. Kg2 Rxc1 25. Rxc1 Nc6 26. Rd1 Qb4 27. Qxb4 Rxb4
28. Rc1 Nxd4 29. Rc8+ Bf8 30. Bd1 h5 31. Nf1 Ra4 32. Rc1 Ra2 33. Rb1 Ba3 34.
Nd2 Bxb2 35. Kh1 Bc3 36. Nxb3 Nxb3 37. Bxb3 Rf2 38. Ba4 h4 39. Bb5 hxg3 40.
hxg3 g5 41. Rc1 Bd4 42. Rf1 Rb2 43. Bd7 Kf8 44. Rd1 Bb6 45. Ra1 gxf4 46. gxf4
Rf2 47. Ra8+ Kg7 48. Rb8 Bd4 49. Rb7 Kg6 50. Be8 Rxf4 51. Re7 Kg7 52. Bd7 Bxe5
0-1

[Event "BL 9192 Solingen-Koblenz"]
[Site "?"]
[Date "1991.??.??"]
[Round "?.6"]
[White "Podzielny, K."]
[Black "Fritsche, L."]
[Result "1/2-1/2"]
[WhiteElo "2455"]
[BlackElo "2395"]
[PlyCount "92"]
[EventDate "1991.??.??"]

1. d4 b6 2. Nf3 Bb7 3. c4 Nf6 4. Nc3 g6 5. d5 c5 6. e4 d6 7. Bf4 Bg7 8. Be2 O-O
9. O-O h6 10. h3 Nbd7 11. Qd2 Kh7 12. Rae1 b5 13. cxb5 Qa5 14. Qc2 a6 15. Nd2
axb5 16. Bxb5 Nb6 17. a4 Ne8 18. e5 Nxd5 19. Nc4 Qd8 20. Nxd5 Bxd5 21. exd6
Nxd6 22. Nxd6 exd6 23. Rd1 Bd4 24. Rxd4 cxd4 25. Qd2 Qf6 26. Bxh6 Rfc8 27. Re1
Be6 28. Bg5 Qf5 29. Bd3 Qc5 30. Qf4 Rxa4 31. Rxe6 Qc1+ 32. Qxc1 Rxc1+ 33. Bxc1
fxe6 34. Bg5 Rb4 35. Bc1 Ra4 36. Kh2 Ra1 37. Bg5 Ra2 38. Bc4 Rxb2 39. Bxe6 Rxf2
40. Kg3 Re2 41. Bc4 Rc2 42. Bf1 d3 43. Kf3 Rc5 44. h4 Rd5 45. Bd2 Rf5+ 46. Bf4
Rd5 1/2-1/2

[Event "BL 9192 Solingen-Koblenz"]
[Site "?"]
[Date "1991.??.??"]
[Round "?.7"]
[White "Bayer, E."]
[Black "Schaefer, Ma"]
[Result "1/2-1/2"]
[WhiteElo "2300"]
[BlackElo "2460"]
[PlyCount "61"]
[EventDate "1991.??.??"]

1. d4 Nf6 2. c4 g6 3. g3 Bg7 4. Bg2 O-O 5. Nf3 c6 6. O-O d5 7. Nbd2 Bf5 8. b3
Ne4 9. Bb2 Nd7 10. Nh4 Nxd2 11. Qxd2 Be6 12. cxd5 cxd5 13. Nf3 Bf5 14. Ne1 Nf6
15. Nd3 Bxd3 16. Qxd3 Qa5 17. Rfc1 Rfc8 18. Bc3 Qb6 19. Rc2 Rc6 20. Rac1 Rac8
21. Bb2 e6 22. e3 Bf8 23. Bf3 Rxc2 24. Rxc2 Rc6 25. Rxc6 Qxc6 26. Qc3 Qxc3 27.
Bxc3 Ne4 28. Be1 f5 29. Kf1 Kf7 30. Ke2 Nf6 31. h4 1/2-1/2

[Event "BL 9192 Solingen-Koblenz"]
[Site "?"]
[Date "1991.??.??"]
[Round "?.8"]
[White "Zysk, R."]
[Black "Reschke, S."]
[Result "1/2-1/2"]
[WhiteElo "2400"]
[BlackElo "2310"]
[PlyCount "88"]
[EventDate "1991.??.??"]

1. d4 Nf6 2. c4 g6 3. Nf3 Bg7 4. g3 O-O 5. Bg2 d6 6. O-O Nbd7 7. Nc3 e5 8. e4
c6 9. b3 exd4 10. Nxd4 Nc5 11. Bb2 Re8 12. Qc2 a5 13. h3 Qb6 14. Rfd1 a4 15.
Rab1 axb3 16. axb3 Nfd7 17. Bc1 Nxe4 18. Nxe4 Bxd4 19. Nxd6 Re7 20. Bf4 Nf8 21.
b4 Ne6 22. c5 Qa7 23. Nxc8 Rxc8 24. Bd6 Ree8 25. Qc4 Bf6 26. Rd2 Ra8 27. b5 Qa5
28. Rdd1 Nd8 29. h4 Kg7 30. bxc6 bxc6 31. Bh3 Qa2 32. Qxa2 Rxa2 33. Bf4 Ree2
34. Be3 Rab2 35. Rxb2 Rxb2 36. Rd7 Rb7 37. Rd1 Rb5 38. Bf1 Ra5 39. Bc4 Ra1 40.
Rxa1 Bxa1 41. Kg2 Ne6 42. Bxe6 fxe6 43. Kf3 e5 44. Ke4 Kf7 1/2-1/2

[Event "BL 9192 Empor Berlin-Buna Halle"]
[Site "?"]
[Date "1992.??.??"]
[Round "?.1"]
[White "Malich, B."]
[Black "Dautov, R."]
[Result "0-1"]
[WhiteElo "2435"]
[BlackElo "2610"]
[PlyCount "74"]
[EventDate "1992.??.??"]

1. Nf3 Nf6 2. c4 e6 3. d4 b6 4. Nc3 Bb7 5. e3 d5 6. cxd5 exd5 7. Bd3 Bd6 8. O-O
O-O 9. b3 Nbd7 10. Bb2 a6 11. Rc1 Qe7 12. Re1 Ne4 13. Bf1 f5 14. g3 Rae8 15.
Rc2 g5 16. Qc1 Rf7 17. Bg2 h6 18. Rd1 c6 19. Ne2 Ref8 20. Ne1 f4 21. exf4 gxf4
22. gxf4 Rxf4 23. Nd3 Rh4 24. Ng3 Qg7 25. Qe3 Ndf6 26. h3 Nh5 27. Nxh5 Rxh5 28.
Ne5 Bc8 29. Kf1 Ng3+ 30. Ke1 Nf5 31. Qf3 Rg5 32. Rxc6 Ne7 33. Qxd5+ Nxd5 34.
Bxd5+ Kh8 35. Rxd6 Bxh3 36. Be4 Rg1+ 37. Ke2 Bg4+ 0-1

[Event "BL 9192 Empor Berlin-Buna Halle"]
[Site "?"]
[Date "1992.??.??"]
[Round "?.2"]
[White "Kovalev, A."]
[Black "Lechtinsky, J."]
[Result "1-0"]
[WhiteElo "2570"]
[BlackElo "2410"]
[PlyCount "51"]
[EventDate "1992.??.??"]

1. e4 d6 2. d4 Nf6 3. Nc3 g6 4. Nf3 Bg7 5. h3 O-O 6. Be3 b6 7. Bd3 Bb7 8. Qd2
c5 9. d5 Na6 10. Bh6 Nc7 11. Bxg7 Kxg7 12. O-O-O b5 13. Rhe1 a6 14. Bf1 b4 15.
Na4 Nb5 16. Bc4 Qa5 17. e5 Nd7 18. e6 Nf6 19. exf7 Rxf7 20. b3 Nc3 21. Ng5 Raf8
22. Ne6+ Kg8 23. Nxf8 Kxf8 24. Qh6+ Kg8 25. Nxc3 bxc3 26. Kb1 {.../37/} 1-0

[Event "BL 9192 Empor Berlin-Buna Halle"]
[Site "?"]
[Date "1992.??.??"]
[Round "?.3"]
[White "Hennings, A."]
[Black "Muse, M."]
[Result "0-1"]
[WhiteElo "2375"]
[BlackElo "2445"]
[PlyCount "112"]
[EventDate "1992.??.??"]

1. e4 c5 2. Nc3 Nc6 3. Bb5 Nd4 4. a4 a6 5. Bc4 g6 6. Nge2 Bg7 7. O-O e6 8. d3
Ne7 9. Nxd4 cxd4 10. Ne2 d5 11. Bb3 dxe4 12. dxe4 Nc6 13. Nf4 b6 14. Bd2 O-O
15. Qe1 Bb7 16. Rd1 Qc7 17. Nd3 Kh8 18. f3 Rae8 19. Rf2 e5 20. Bd5 Qd7 21. c4
dxc3 22. Bxc3 Nd8 23. Bb3 Qc8 24. Bb4 Rg8 25. Rc2 Qb8 26. Rdc1 a5 27. Bd2 Ba6
28. Bc4 Bxc4 29. Rxc4 Ne6 30. Be3 Rd8 31. Qc3 b5 32. axb5 Qxb5 33. Ra1 Nf4 34.
Bxf4 exf4 35. e5 Rd5 36. Re1 Rgd8 37. Nxf4 Rxe5 38. Rxe5 Bxe5 39. Qc1 Bxb2 40.
Qc2 Bd4+ 41. Kh1 Qe5 42. Ne2 Ba7 43. g3 Kg8 44. Re4 Qc5 45. Qxc5 Bxc5 46. Nc3
Kf8 47. Na4 Rd1+ 48. Kg2 Bd4 49. g4 g5 50. h4 gxh4 51. g5 Rd2+ 52. Kh3 Kg7 53.
Kxh4 Kg6 54. Kg4 h5+ 55. Kg3 Kf5 56. g6 fxg6 0-1

[Event "BL 9192 Empor Berlin-Buna Halle"]
[Site "?"]
[Date "1992.??.??"]
[Round "?.4"]
[White "Volke, K."]
[Black "Schoeneberg, M."]
[Result "1-0"]
[WhiteElo "2440"]
[BlackElo "2335"]
[PlyCount "65"]
[EventDate "1992.??.??"]

1. d4 Nf6 2. c4 c5 3. d5 b5 4. cxb5 a6 5. f3 e6 6. e4 exd5 7. e5 Qe7 8. Qe2 Ng8
9. Nc3 Bb7 10. Nh3 f6 11. Nf4 Qxe5 12. Nfxd5 Bd6 13. Ne4 Bxd5 14. Nxd6+ Kd8 15.
Qxe5 fxe5 16. b6 Nc6 17. Bg5+ Nf6 18. Nb7+ Ke7 19. Nxc5 Nb4 20. Rd1 d6 21. Nxa6
Nxa6 22. Rxd5 Nb4 23. Rb5 Nc2+ 24. Kd2 Nd4 25. b7 Rab8 26. Rb4 Rhd8 27. Bc4 d5
28. Bd3 Ne6 29. Bh4 g5 30. Bg3 Nf4 31. h4 h6 32. hxg5 hxg5 33. Bf5 1-0

[Event "BL 9192 Empor Berlin-Buna Halle"]
[Site "?"]
[Date "1992.??.??"]
[Round "?.5"]
[White "Trapl, J."]
[Black "Poldauf, D."]
[Result "1-0"]
[WhiteElo "2385"]
[BlackElo "2360"]
[PlyCount "71"]
[EventDate "1992.??.??"]

1. d4 Nf6 2. c4 g6 3. Nc3 Bg7 4. e4 d6 5. Nge2 O-O 6. Ng3 e5 7. d5 c6 8. Be2
Na6 9. Bg5 h6 10. Be3 cxd5 11. cxd5 h5 12. Bg5 Qb6 13. O-O Nh7 14. Be3 Qd8 15.
Nb5 h4 16. Nh1 b6 17. f3 Bf6 18. Rc1 Qe7 19. Qd2 Rd8 20. Nf2 Bg5 21. Rc3 f6 22.
Rfc1 Bxe3 23. Qxe3 Ng5 24. a3 Nf7 25. R1c2 Kg7 26. Qc1 Bd7 27. Nc7 Nxc7 28.
Rxc7 Qe8 29. Ba6 Kg8 30. Bb7 Rab8 31. Bc6 a5 32. Ng4 Kg7 33. Bxd7 Rxd7 34. Rxd7
Qxd7 35. Rc7 Qa4 36. Qh6+ 1-0

[Event "BL 9192 Empor Berlin-Buna Halle"]
[Site "?"]
[Date "1992.??.??"]
[Round "?.6"]
[White "Rosenthal, D."]
[Black "Liebert, H."]
[Result "0-1"]
[WhiteElo "2350"]
[BlackElo "2395"]
[PlyCount "66"]
[EventDate "1992.??.??"]

1. e4 c5 2. Nf3 Nc6 3. c3 Nf6 4. e5 Nd5 5. d4 cxd4 6. cxd4 d6 7. a3 dxe5 8.
dxe5 Bg4 9. Bc4 e6 10. O-O Be7 11. Re1 O-O 12. b4 Qc7 13. Bxd5 Rad8 14. Nc3
Nxb4 15. Nb5 Qb6 16. Qa4 Rxd5 17. Nxa7 Bxf3 18. axb4 Qxb4 19. Bf4 Qxa4 20. Rxa4
Be2 21. Be3 Rfd8 22. Bb6 Rd1 23. Ra1 Bb4 24. Rexd1 Rxd1+ 25. Rxd1 Bxd1 26. Nc8
Bb3 27. f3 Bc3 28. Bc7 Bd4+ 29. Kf1 Bc4+ 30. Ke1 b5 31. Kd2 b4 32. Ne7+ Kh8 33.
Bd6 b3 0-1

[Event "BL 9192 Empor Berlin-Buna Halle"]
[Site "?"]
[Date "1992.??.??"]
[Round "?.7"]
[White "Dietze, W."]
[Black "Schoene, R."]
[Result "0-1"]
[WhiteElo "2290"]
[BlackElo "2340"]
[PlyCount "123"]
[EventDate "1992.??.??"]

1. d4 Nf6 2. Nf3 d6 3. c4 g6 4. Nc3 Bg7 5. Bg5 h6 6. Bh4 g5 7. Bg3 Nh5 8. e3 e6
9. Be2 Nxg3 10. hxg3 Nd7 11. Qc2 Nf6 12. e4 Qe7 13. e5 dxe5 14. Nxe5 Nd7 15.
Nf3 g4 16. Nd2 Nf6 17. O-O-O Bd7 18. Rhe1 O-O-O 19. Bf1 Kb8 20. Nb3 Bc8 21. Kb1
h5 22. a3 c6 23. d5 cxd5 24. cxd5 Qc7 25. dxe6 Bxe6 26. Nd4 Nd5 27. Ncb5 Qxc2+
28. Kxc2 Bc8 29. Kb1 Nb6 30. Rd2 a6 31. Red1 axb5 32. Nc6+ bxc6 33. Rxd8 Rxd8
34. Rxd8 Kc7 35. Rg8 Bf5+ 36. Kc1 Bf6 37. f3 Na4 38. b3 Nc5 39. b4 Ne6 40. Ra8
Bd4 41. a4 Kb7 42. Re8 Nc7 43. Rd8 Be3+ 44. Kb2 bxa4 45. Bc4 Be6 46. Bxe6 fxe6
47. Ka3 Bf2 48. fxg4 hxg4 49. Rg8 Nb5+ 50. Kxa4 e5 51. Rf8 Bxg3 52. Kb3 Bf4 53.
g3 Bxg3 54. Rg8 Bf2 55. Rxg4 Nd6 56. Rg2 Bd4 57. Rg6 Kc7 58. Rg7+ Kd8 59. Rg8+
Kd7 60. Kc2 Ke6 61. Kd3 Kd5 62. Rg5 0-1

[Event "BL 9192 Empor Berlin-Buna Halle"]
[Site "?"]
[Date "1992.??.??"]
[Round "?.8"]
[White "Thinius, M."]
[Black "Becker, Mi"]
[Result "1-0"]
[WhiteElo "2365"]
[BlackElo "2310"]
[PlyCount "43"]
[EventDate "1992.??.??"]

1. d4 Nf6 2. Nf3 c5 3. d5 b5 4. c4 bxc4 5. Nc3 g6 6. e4 d6 7. Bxc4 Bg7 8. O-O
O-O 9. Bf4 Ba6 10. Bxa6 Nxa6 11. Qe2 Nc7 12. Rfd1 Rb8 13. e5 Nh5 14. Be3 Qd7
15. h3 dxe5 16. Bxc5 Nf4 17. Qe4 Rxb2 18. d6 exd6 19. Bxd6 Qe6 20. Bxc7 f5 21.
Qa4 Rc8 22. Ng5 1-0

[Event "BL 9192 München 36-Bayern"]
[Site "?"]
[Date "1992.??.??"]
[Round "?.2"]
[White "Smejkal, J."]
[Black "Yusupov, A."]
[Result "1/2-1/2"]
[WhiteElo "2535"]
[BlackElo "2655"]
[PlyCount "87"]
[EventDate "1992.??.??"]

1. c4 e5 2. Nc3 Nc6 3. g3 g6 4. Bg2 Bg7 5. e4 d6 6. Nge2 Nge7 7. d3 O-O 8. O-O
Be6 9. Nd5 Qd7 10. Be3 f5 11. Qd2 Rf7 12. f3 Raf8 13. Rae1 Kh8 14. b3 Ng8 15.
exf5 Bxf5 16. d4 Bh3 17. Ndc3 Bxg2 18. Kxg2 exd4 19. Nxd4 Nge7 20. Bg1 Nxd4 21.
Bxd4 Nf5 22. Bxg7+ Nxg7 23. Re4 a6 24. Nd5 c6 25. Ne3 Re7 26. Rxe7 Qxe7 27. Re1
Qf6 28. f4 h5 29. Nd1 Re8 30. Rxe8+ Nxe8 31. Nc3 Qe6 32. Qd3 Ng7 33. Ne4 Nf5
34. h3 d5 35. cxd5 cxd5 36. Qc3+ d4 37. Qd3 Qd5 38. Kf2 Ne3 39. Ke1 h4 40. gxh4
Ng2+ 41. Kd2 Nxf4 42. Qc2 Qe6 43. Qc5 Qxe4 44. Qf8+ 1/2-1/2

[Event "BL 9192 München 36-Bayern"]
[Site "?"]
[Date "1992.??.??"]
[Round "?.4"]
[White "Enders, P."]
[Black "Hertneck, G."]
[Result "0-1"]
[WhiteElo "2475"]
[BlackElo "2530"]
[PlyCount "108"]
[EventDate "1992.??.??"]

1. e4 e6 2. d4 d5 3. Nc3 Bb4 4. e5 Ne7 5. a3 Bxc3+ 6. bxc3 c5 7. Qg4 O-O 8. Bd3
Nbc6 9. Nf3 f5 10. exf6 Rxf6 11. Bg5 Rf7 12. Bxe7 Rxe7 13. Qh4 g6 14. O-O c4
15. Be2 Bd7 16. Rfe1 Rg7 17. Qg3 Qa5 18. Ng5 h6 19. Nh3 g5 20. Bg4 Rf8 21. a4
Nd8 22. Qe3 Kh7 23. f3 Be8 24. Nf2 Bg6 25. Qd2 Bf5 26. Bh5 Nc6 27. Ng4 Qb6 28.
Rab1 Qa5 29. Ne3 Qc7 30. Re2 Qa5 31. Nxf5 exf5 32. Rb5 Qd8 33. Qe1 b6 34. Rb1
Rf6 35. Re8 Qd6 36. a5 Re7 37. Rxe7+ Nxe7 38. axb6 axb6 39. Qd2 Kg7 40. Re1 Re6
41. h4 Kf6 42. Rxe6+ Qxe6 43. Kf2 Nc8 44. Qc1 Nd6 45. hxg5+ hxg5 46. Qa3 Kg7
47. g4 f4 48. Kf1 Kf6 49. Qa8 Nc8 50. Qb7 Ne7 51. Qb8 Qe3 52. Qd6+ Kg7 53. Kg2
Qe2+ 54. Kg1 Qe1+ 0-1

[Event "BL 9192 München 36-Bayern"]
[Site "?"]
[Date "1992.??.??"]
[Round "?.5"]
[White "Boensch, U."]
[Black "Bastian, H."]
[Result "1-0"]
[WhiteElo "2500"]
[BlackElo "2330"]
[PlyCount "63"]
[EventDate "1992.??.??"]

1. d4 Nf6 2. c4 g6 3. Nc3 Bg7 4. e4 d6 5. Nge2 O-O 6. Ng3 c5 7. d5 e6 8. Be2 a6
9. a4 exd5 10. exd5 Ne8 11. h4 f5 12. Bg5 Nf6 13. Qd2 Nbd7 14. a5 Rb8 15. h5 b6
16. Bh6 Ne5 17. hxg6 hxg6 18. Bxg7 Kxg7 19. Qh6+ Kf7 20. f4 Ned7 21. Qg5 bxa5
22. Nxf5 Nb6 23. Nh4 Rg8 24. Bd3 Bf5 25. Nxf5 gxf5 26. Qxf5 Rxg2 27. Rh7+ Kf8
28. O-O-O a4 29. Rh8+ Rg8 30. Rxg8+ Kxg8 31. Qg6+ Kf8 32. Rh1 1-0

[Event "BL 9192 München 36-Bayern"]
[Site "?"]
[Date "1992.??.??"]
[Round "?.6"]
[White "Ruf, M."]
[Black "Kindermann, S."]
[Result "1/2-1/2"]
[WhiteElo "2395"]
[BlackElo "2505"]
[PlyCount "122"]
[EventDate "1992.??.??"]

1. Nf3 Nf6 2. e3 g6 3. b4 Bg7 4. Bb2 O-O 5. c4 d6 6. d4 Nbd7 7. Qb3 b6 8. Be2
Bb7 9. O-O e6 10. a4 a5 11. Nc3 axb4 12. Qxb4 e5 13. dxe5 dxe5 14. Rfd1 Qc8 15.
Nb5 Ne4 16. a5 Re8 17. axb6 Rxa1 18. Bxa1 cxb6 19. Qb1 Bf8 20. Bb2 f6 21. Ne1
Ndc5 22. f3 Ng5 23. Nd6 Bxd6 24. Rxd6 Re6 25. Rd1 Nf7 26. Ba3 Qc7 27. Nc2 Rd6
28. Nb4 Rxd1+ 29. Qxd1 Kg7 30. Nd5 Qd8 31. Kf2 Qa8 32. Bb4 Qd8 33. e4 Ng5 34.
Qa1 Bxd5 35. cxd5 Qb8 36. Qa3 Nf7 37. Bb5 Nd6 38. Bc6 h5 39. h4 Nc4 40. Qc3 Nd6
41. Kg1 Qa7 42. Kh2 Nf7 43. Qe3 Qb8 44. Bd2 Kf8 45. Bb5 Qc7 46. Bf1 Qa7 47. Bb4
Kg7 48. Bb5 Qa8 49. Bxc5 bxc5 50. Qxc5 Qa5 51. d6 Qe1 52. d7 Qxh4+ 53. Kg1 Qe1+
54. Bf1 Qd2 55. Qe7 h4 56. Kh2 Qf4+ 57. Kh1 Qd2 58. Qe6 Qd1 59. Kg1 Qd4+ 60.
Kh2 Qf2 61. Qe7 Qd2 1/2-1/2

[Event "BL 9192 München 36-Bayern"]
[Site "?"]
[Date "1992.??.??"]
[Round "?.7"]
[White "Bischoff, K."]
[Black "Roese, O."]
[Result "1-0"]
[WhiteElo "2495"]
[BlackElo "2375"]
[PlyCount "59"]
[EventDate "1992.??.??"]

1. c4 Nf6 2. Nc3 d5 3. cxd5 Nxd5 4. g3 g6 5. Bg2 Nb6 6. d3 Bg7 7. Be3 O-O 8.
Qd2 N8d7 9. Bh6 Nf6 10. Bxg7 Kxg7 11. Nf3 c6 12. O-O Bg4 13. Ng5 h6 14. Nge4
Nxe4 15. Nxe4 e5 16. Rfc1 Qe7 17. Nc5 Be6 18. b4 Bd5 19. e4 Be6 20. Qc3 f6 21.
a4 a6 22. Rd1 Rfd8 23. d4 Bg4 24. f3 exd4 25. Qb3 Bd7 26. a5 Nc8 27. Rxd4 b6
28. axb6 Nxb6 29. Rad1 a5 30. bxa5 1-0

[Event "BL 9192 München 36-Bayern"]
[Site "?"]
[Date "1992.??.??"]
[Round "?.8"]
[White "Reich, T."]
[Black "Schlosser, P."]
[Result "0-1"]
[WhiteElo "2350"]
[BlackElo "2485"]
[PlyCount "64"]
[EventDate "1992.??.??"]

1. g3 c5 2. Bg2 Nc6 3. d3 g6 4. Nf3 Bg7 5. c4 e6 6. Nc3 Nge7 7. O-O O-O 8. Re1
b6 9. Bf4 Bb7 10. Qc1 Nf5 11. g4 Nfe7 12. Bd6 Re8 13. g5 Nf5 14. Ne4 e5 15. b4
Nxb4 16. Rd1 Rc8 17. a3 Na6 18. Qb2 Re6 19. Bxe5 Rxe5 20. Nxe5 d6 21. Nf6+ Bxf6
22. gxf6 Bxg2 23. Kxg2 dxe5 24. Qxe5 Rc6 25. a4 Rxf6 26. a5 Re6 27. Qd5 Qg5+
28. Kh1 Nb4 29. Qa8+ Kg7 30. Qxa7 Rxe2 31. Rg1 Qf4 32. Qb7 Nxd3 0-1

[Event "BL 9192 Hannover-HSK"]
[Site "?"]
[Date "1992.??.??"]
[Round "?.4"]
[White "Behrens, H."]
[Black "Michaelsen, N."]
[Result "1-0"]
[WhiteElo "2305"]
[BlackElo "2385"]
[PlyCount "76"]
[EventDate "1992.??.??"]

1. d4 Nf6 2. Nf3 g6 3. Bf4 Bg7 4. e3 d6 5. h3 c5 6. Nbd2 O-O 7. Be2 b6 8. O-O
Bb7 9. a4 Nc6 10. c3 Qd7 11. Nc4 cxd4 12. exd4 Nd5 13. Bh2 Rfc8 14. Qb3 Rab8
15. Rfe1 Nd8 16. Ne3 Nxe3 17. fxe3 Bh6 18. Bb5 Qe6 19. Qd1 a6 20. Bd3 Qd7 21.
Qe2 Ra8 22. Nd2 Nc6 23. Nc4 Qc7 24. e4 e5 25. Kh1 Na5 26. Ne3 exd4 27. cxd4 Nb3
28. Rad1 Nxd4 29. Qf2 Bg7 30. Nc4 Rd8 31. Bf1 Qc5 32. b4 Qxb4 33. Rb1 Qc5 34.
Nxb6 Rab8 35. Rec1 Qh5 36. Rc7 g5 37. Nd7 Ne6 38. Rcxb7 Bd4 1-0